[Event "NRW Verbandsklasse Group3 1314"]
[Site "Nordrheinwestfalen"]
[Date "2014.03.09"]
[Round "8.1"]
[White "Achenbach, Manfred"]
[Black "Schwarz, Ingo"]
[Result "1/2-1/2"]
[WhiteElo "1997"]
[BlackElo "1874"]
[PlyCount "53"]
[EventDate "2013.09.08"]
[EventType "team-tourn"]
[EventRounds "9"]
[EventCountry "GER"]
[SourceTitle "EXT 2020"]
[Source "ChessBase"]
[SourceDate "2019.10.17"]
[SourceVersion "1"]
[SourceVersionDate "2019.10.17"]
[SourceQuality "1"]
[WhiteTeam "Muelheim SC"]
[BlackTeam "Dortmund FS 98 II"]
[WhiteTeamCountry "GER"]
[BlackTeamCountry "GER"]

1. Nf3 g6 2. d4 Bg7 3. c4 f6 4. g3 Nh6 5. Bg2 Nf7 6. Nc3 0-0 7. 0-0 c6 8. e4 d6 9. Be3 e6 10. Qb3 b6 11. Rad1 Qc7 12. Rfe1 Nd7 13. d5 exd5 14. exd5 c5 15. Ne4 Nde5 16. Nxe5 Nxe5 17. Bf4 Bf5 18. h3 Bxe4 19. Bxe4 g5 20. Bd2 f5 21. Bg2 f4 22. Re4 f3 23. Bf1 h6 24. Rde1 Rae8 25. Qc2 Qf7 26. Bc3 Qg6 27. Qa4 1/2-1/2

[Event "Ruhrgebiet VK2 1213"]
[Site "Nordrheinwestfalen"]
[Date "2013.04.28"]
[Round "9.2"]
[White "Schwarz, Ingo"]
[Black "Fuest, Torsten"]
[Result "1-0"]
[WhiteElo "1895"]
[BlackElo "1932"]
[PlyCount "77"]
[EventDate "2012.09.02"]
[EventType "team-tourn"]
[EventRounds "9"]
[EventCountry "GER"]
[SourceTitle "EXT 2020"]
[Source "ChessBase"]
[SourceDate "2019.10.17"]
[SourceVersion "1"]
[SourceVersionDate "2019.10.17"]
[SourceQuality "1"]
[WhiteTeam "Dortmund FS 98 II"]
[BlackTeam "Boenen SV"]
[WhiteTeamCountry "GER"]
[BlackTeamCountry "GER"]

1. e4 c5 2. Bc4 Nc6 3. f4 e6 4. Be2 Nf6 5. d3 d5 6. e5 Nd7 7. c3 Be7 8. Nf3 0-0 9. 0-0 f6 10. d4 Qb6 11. Kh1 a6 12. Bd3 Qc7 13. Qc2 f5 14. g4 c4 15. Be2 b5 16. Rg1 Nb6 17. Be3 Bd7 18. Nbd2 b4 19. Rg2 Rab8 20. Rag1 Rf7 21. gxf5 exf5 22. Ng5 Bxg5 23. Rxg5 Be6 24. Bh5 Re7 25. Nf3 Qd7 26. Nh4 Rf8 27. Qg2 Rb8 28. Qh3 bxc3 29. bxc3 Na4 30. Bc1 g6 31. Nxg6 Rg7 32. Ne7+ Qxe7 33. Rxg7+ Qxg7 34. Rxg7+ Kxg7 35. Qg3+ Kh8 36. Qg5 Nd8 37. Qf6+ Kg8 38. Ba3 Bf7 39. e6 1-0

[Event "Ruhrgebiet VK2 1213"]
[Site "Nordrheinwestfalen"]
[Date "2013.04.07"]
[Round "8.1"]
[White "Schwarz, Ingo"]
[Black "Schneider, Hans Joachim"]
[Result "1-0"]
[WhiteElo "1895"]
[BlackElo "1846"]
[PlyCount "75"]
[EventDate "2012.09.02"]
[EventType "team-tourn"]
[EventRounds "9"]
[EventCountry "GER"]
[SourceTitle "EXT 2020"]
[Source "ChessBase"]
[SourceDate "2019.10.17"]
[SourceVersion "1"]
[SourceVersionDate "2019.10.17"]
[SourceQuality "1"]
[WhiteTeam "Dortmund FS 98 II"]
[BlackTeam "Bottrop SV II"]
[WhiteTeamCountry "GER"]
[BlackTeamCountry "GER"]

1. e4 c5 2. f4 Nc6 3. Nf3 d6 4. Bc4 e6 5. Be2 Nf6 6. d3 Be7 7. c3 0-0 8. 0-0 c4 9. e5 cxd3 10. Bxd3 Ne8 11. Nd4 g6 12. Nxc6 Qb6+ 13. Nd4 dxe5 14. fxe5 Bc5 15. Rf4 Ng7 16. b4 Be7 17. h4 Nh5 18. Rf3 a5 19. Be3 Qc7 20. g4 Ng7 21. Nb5 Qxe5 22. Bf4 Qd5 23. Nc7 Qd7 24. Be5 Rb8 25. Qe2 Bd6 26. Bxd6 Qxd6 27. Nb5 Qe7 28. Qe5 Bd7 29. Qf6 Qxf6 30. Rxf6 axb4 31. cxb4 Rbc8 32. Nd6 Rc1+ 33. Rf1 Rc6 34. Nxb7 Rb6 35. Nc5 Rxb4 36. Nxd7 Rxg4+ 37. Kf2 Rf4+ 38. Ke2 1-0

[Event "LSS No Engine Cup 84 Preliminary 7"]
[Site "LSS email"]
[Date "2013.03.16"]
[Round "?"]
[White "Schwarz, Ingo"]
[Black "Chamberlain, Edwin"]
[Result "0-1"]
[WhiteElo "1277"]
[BlackElo "945"]
[PlyCount "44"]
[EventDate "2013.03.17"]
[EventType "tourn (corr)"]
[EventRounds "6"]
[EventCountry "GER"]
[SourceTitle "Telechess CBM 161"]
[Source "ChessBase"]
[SourceDate "2014.07.16"]
[SourceVersion "1"]
[SourceVersionDate "2014.07.16"]
[SourceQuality "1"]

1. e4 c5 2. f4 d5 3. e5 a6 4. Nf3 g6 5. c3 h5 6. h4 Bg4 7. Be2 Nh6 8. Nh2 Bxe2 9. Qxe2 e6 10. Nf3 Nf5 11. Qf2 Nc6 12. d3 Be7 13. Ng5 0-0 14. Na3 b5 15. Nc2 Qb6 16. b4 d4 17. cxd4 cxd4 18. a3 Bxg5 19. hxg5 Kg7 20. Bd2 Rfd8 21. 0-0 Rac8 22. Rac1 a5 0-1

[Event "LSS No Engine Cup 84 Preliminary 7"]
[Site "LSS email"]
[Date "2013.03.16"]
[Round "?"]
[White "Schwarz, Ingo"]
[Black "Kulczycki, Michael"]
[Result "0-1"]
[WhiteElo "1277"]
[BlackElo "1911"]
[PlyCount "38"]
[EventDate "2013.03.17"]
[EventType "tourn (corr)"]
[EventRounds "6"]
[EventCountry "GER"]
[SourceTitle "Corr 2015"]
[Source "ChessBase"]
[SourceDate "2015.07.17"]
[SourceVersion "1"]
[SourceVersionDate "2015.07.17"]
[SourceQuality "1"]

1. e4 c5 2. f4 e6 3. Nf3 d5 4. e5 Nc6 5. c3 Nge7 6. Na3 Nf5 7. Bd3 Be7 8. Bxf5 exf5 9. d3 0-0 10. Nc2 b6 11. d4 Qd7 12. 0-0 Ba6 13. Re1 Rac8 14. Be3 Nd8 15. Qd2 Ne6 16. Rad1 Rfd8 17. Kh1 Rc7 18. Rg1 Bb7 19. h3 h5 0-1

[Event "LSS No Engine Cup 80 Preliminary 4"]
[Site "LSS email"]
[Date "2013.01.05"]
[Round "?"]
[White "Herzog, Klaus"]
[Black "Schwarz, Ingo"]
[Result "1-0"]
[WhiteElo "1855"]
[BlackElo "1277"]
[PlyCount "63"]
[EventDate "2013.01.06"]
[EventType "tourn (corr)"]
[EventRounds "6"]
[EventCountry "GER"]
[SourceTitle "Telechess CBM 159"]
[Source "ChessBase"]
[SourceDate "2014.03.17"]
[SourceVersion "1"]
[SourceVersionDate "2014.03.17"]
[SourceQuality "1"]

1. d4 c5 2. c4 Nf6 3. d5 d6 4. Nc3 Bf5 5. f3 Nbd7 6. e4 Bg6 7. Nh3 h6 8. Nf4 Bh7 9. Be2 g5 10. Nd3 Bg7 11. Be3 a6 12. Qa4 0-0 13. h4 g4 14. Kf2 e5 15. Qb3 b6 16. h5 gxf3 17. gxf3 Ne8 18. Rag1 Kh8 19. Ke1 f5 20. Kd2 fxe4 21. fxe4 Nef6 22. Nf2 Rb8 23. Kc1 Qc7 24. Rg2 Rfc8 25. Rhg1 Bf8 26. Qa4 Qb7 27. Qd1 b5 28. cxb5 c4 29. Bg4 axb5 30. Qf3 Nxg4 31. Nxg4 Bg7 32. Nxh6 1-0

[Event "LSS No Engine Cup 80 Preliminary 4"]
[Site "LSS email"]
[Date "2013.01.05"]
[Round "?"]
[White "Schwarz, Ingo"]
[Black "Kapatos, Endre"]
[Result "1/2-1/2"]
[WhiteElo "1277"]
[BlackElo "1213"]
[PlyCount "42"]
[EventDate "2013.01.06"]
[EventType "tourn (corr)"]
[EventRounds "6"]
[EventCountry "GER"]
[SourceTitle "Telechess CBM 159"]
[Source "ChessBase"]
[SourceDate "2014.03.17"]
[SourceVersion "1"]
[SourceVersionDate "2014.03.17"]
[SourceQuality "1"]

1. e4 e5 2. Bc4 Nf6 3. d4 Nxe4 4. dxe5 Nc5 5. Nf3 Nc6 6. 0-0 Be7 7. Nc3 0-0 8. Nd5 Ne6 9. Nxe7+ Qxe7 10. c3 b6 11. Re1 Bb7 12. Nd4 Qc5 13. Bxe6 dxe6 14. Nxc6 Qxc6 15. Qg4 f5 16. Qg3 Rad8 17. Bh6 Rf7 18. Rad1 Rfd7 19. Bxg7 Qxg2+ 20. Qxg2 Bxg2 21. Rxd7 Rxd7 1/2-1/2

[Event "LSS No Engine Cup 78 Preliminary 5"]
[Site "LSS email"]
[Date "2012.12.05"]
[Round "?"]
[White "Schwarz, Ingo"]
[Black "Leonov, Aleksandr"]
[Result "1-0"]
[WhiteElo "1356"]
[BlackElo "1015"]
[PlyCount "93"]
[EventDate "2012.12.06"]
[EventType "tourn (corr)"]
[EventRounds "6"]
[EventCountry "GER"]
[SourceTitle "Telechess CBM 159"]
[Source "ChessBase"]
[SourceDate "2014.03.17"]
[SourceVersion "1"]
[SourceVersionDate "2014.03.17"]
[SourceQuality "1"]

1. e4 e5 2. Bc4 Nf6 3. d4 d6 4. dxe5 dxe5 5. Bxf7+ Ke7 6. Qxd8+ Kxd8 7. f3 Nc6 8. c3 Bd6 9. Bg5 Bd7 10. Nd2 Ke7 11. Bb3 Na5 12. Bc2 h6 13. Be3 Be6 14. Bd3 a6 15. b4 Nc6 16. Nc4 Rad8 17. Nxd6 cxd6 18. b5 axb5 19. Bxb5 Ra8 20. a4 Na5 21. Ne2 Bc4 22. Bb6 Bxb5 23. axb5 Nc4 24. Ba7 b6 25. Ra4 Rhc8 26. 0-0 Nd7 27. Rfa1 Na5 28. Bxb6 Nxb6 29. Rxa5 Rxa5 30. Rxa5 d5 31. Ra7+ Kf6 32. Ra6 Rb8 33. exd5 Kf5 34. g4+ Kf6 35. c4 Ke7 36. d6+ Kxd6 37. Nc3 Kc5 38. Na4+ Nxa4 39. Rxa4 Rd8 40. Kf2 Rd4 41. Ke3 g6 42. h4 h5 43. Ra6 Rxc4 44. Rc6+ Kxb5 45. Rxc4 Kxc4 46. gxh5 gxh5 47. Ke4 1-0

[Event "LSS No Engine Cup 78 Preliminary 5"]
[Site "LSS email"]
[Date "2012.12.05"]
[Round "?"]
[White "Yangibayev, Rustam"]
[Black "Schwarz, Ingo"]
[Result "0-1"]
[WhiteElo "878"]
[BlackElo "1356"]
[PlyCount "42"]
[EventDate "2012.12.06"]
[EventType "tourn (corr)"]
[EventRounds "6"]
[EventCountry "GER"]
[SourceTitle "Telechess CBM 159"]
[Source "ChessBase"]
[SourceDate "2014.03.17"]
[SourceVersion "1"]
[SourceVersionDate "2014.03.17"]
[SourceQuality "1"]

1. d4 c5 2. d5 e6 3. Nc3 Nf6 4. Bg5 Qb6 5. b3 Be7 6. Nf3 Nxd5 7. Nxd5 exd5 8. Qxd5 Bxg5 9. Qxg5 0-0 10. e3 Qb4+ 11. Kd1 Qc3 12. Rb1 Nc6 13. Bd3 Nb4 14. Bxh7+ Kxh7 15. Qh5+ Kg8 16. Rc1 d5 17. g4 d4 18. Ng5 Bxg4+ 19. Qxg4 dxe3 20. fxe3 Qxe3 21. Qh5 Rad8# 0-1

[Event "LSS No Engine Cup 75 Preliminary 4"]
[Site "LSS email"]
[Date "2012.10.27"]
[Round "?"]
[White "Schwarz, Ingo"]
[Black "Bester, Kazimierz"]
[Result "1-0"]
[WhiteElo "1356"]
[BlackElo "775"]
[PlyCount "71"]
[EventDate "2012.10.28"]
[EventType "tourn (corr)"]
[EventRounds "6"]
[EventCountry "GER"]
[SourceTitle "Telechess CBM 159"]
[Source "ChessBase"]
[SourceDate "2014.03.17"]
[SourceVersion "1"]
[SourceVersionDate "2014.03.17"]
[SourceQuality "1"]

1. e4 d5 2. exd5 Qxd5 3. Nc3 Qa5 4. d4 Nf6 5. Bc4 e6 6. Bd2 Nc6 7. Nd5 Qa4 8. b3 Qa3 9. Nxc7+ Kd7 10. Nxa8 Ne4 11. d5 Nb4 12. dxe6+ Ke7 13. Qf3 Nf6 14. Qc3 fxe6 15. Qxb4+ Qxb4 16. Bxb4+ Kf7 17. Bxf8 Rxf8 18. Nc7 Rd8 19. Nf3 a6 20. Ne5+ Ke7 21. Nxa6 bxa6 22. Nc6+ Ke8 23. Nxd8 Kxd8 24. 0-0-0+ Ke7 25. f3 a5 26. a4 h5 27. Rhe1 Ne8 28. Re5 Nd6 29. Rxd6 Kxd6 30. Rxa5 e5 31. Rd5+ Kc6 32. Rxe5 g6 33. Rg5 Bf5 34. h4 Kd6 35. Rxf5 gxf5 36. Bf7 1-0

[Event "LSS No Engine Cup 74 Preliminary 4"]
[Site "LSS email"]
[Date "2012.10.09"]
[Round "?"]
[White "Schwarz, Ingo"]
[Black "Klawitter, Bernd"]
[Result "1-0"]
[WhiteElo "1352"]
[BlackElo "807"]
[PlyCount "75"]
[EventDate "2012.10.10"]
[EventType "tourn (corr)"]
[EventRounds "6"]
[EventCountry "GER"]
[SourceTitle "Telechess CBM 159"]
[Source "ChessBase"]
[SourceDate "2014.03.17"]
[SourceVersion "1"]
[SourceVersionDate "2014.03.17"]
[SourceQuality "1"]

1. e4 c6 2. d4 d6 3. c4 g6 4. Nc3 Bg7 5. f4 Nh6 6. Nf3 Bg4 7. Be2 0-0 8. 0-0 f6 9. h3 Bxf3 10. Bxf3 Nf7 11. Qb3 Qb6 12. Qxb6 axb6 13. b3 Na6 14. Bd2 Nc7 15. a4 Kh8 16. b4 e6 17. d5 exd5 18. exd5 c5 19. b5 f5 20. Ra2 Rfe8 21. Rfa1 Bd4+ 22. Kf1 Re7 23. Re1 Rae8 24. Rxe7 Rxe7 25. Ne2 Bg7 26. a5 Na8 27. a6 bxa6 28. Rxa6 Re8 29. Nc3 Bd4 30. Na4 Rb8 31. Ke2 Nh6 32. g4 fxg4 33. hxg4 Ng8 34. f5 gxf5 35. gxf5 Nf6 36. Bf4 Kg7 37. Bxd6 h5 38. Bxb8 1-0

[Event "LSS No Engine Cup 71 Preliminary 1"]
[Site "LSS email"]
[Date "2012.08.27"]
[Round "?"]
[White "Schwarz, Ingo"]
[Black "Kraujunas, Vladas"]
[Result "0-1"]
[WhiteElo "1377"]
[BlackElo "1397"]
[PlyCount "32"]
[EventDate "2012.08.28"]
[EventType "tourn (corr)"]
[EventRounds "6"]
[EventCountry "GER"]
[SourceTitle "Corr 2015"]
[Source "ChessBase"]
[SourceDate "2015.07.17"]
[SourceVersion "1"]
[SourceVersionDate "2015.07.17"]
[SourceQuality "1"]

1. e4 e5 2. Bc4 Nf6 3. d4 exd4 4. Nf3 Nc6 5. e5 d5 6. exf6 dxc4 7. Qe2+ Be6 8. fxg7 Bxg7 9. Bg5 d3 10. Qxe6+ fxe6 11. Bxd8 Bxb2 12. Bf6 Bxf6 13. c3 Nb4 14. Nd4 Bxd4 15. cxd4 Nc2+ 16. Kd2 Nxa1 0-1

[Event "LSS No Engine Cup 69 Preliminary 1"]
[Site "LSS email"]
[Date "2012.07.19"]
[Round "?"]
[White "Gurinov, Sergey Vasilyevich"]
[Black "Schwarz, Ingo"]
[Result "1-0"]
[WhiteElo "2046"]
[BlackElo "1430"]
[PlyCount "43"]
[EventDate "2012.07.20"]
[EventType "tourn (corr)"]
[EventRounds "6"]
[EventCountry "GER"]
[SourceTitle "Telechess CBM 165"]
[Source "ChessBase"]
[SourceDate "2015.03.11"]
[SourceVersion "1"]
[SourceVersionDate "2015.03.11"]
[SourceQuality "1"]

1. e4 d5 2. exd5 Qxd5 3. Nc3 Qa5 4. d4 Nf6 5. Nf3 Bf5 6. Ne5 Nbd7 7. Nc4 Qa6 8. Ne3 Qe6 9. Bc4 Qc6 10. Bb5 Qe6 11. 0-0 c6 12. Bc4 Nd5 13. Ncxd5 cxd5 14. Bxd5 Qg6 15. Qf3 e6 16. Bxb7 Rb8 17. Bc6 Bxc2 18. Nxc2 Qxc2 19. Bxd7+ Kxd7 20. Qxf7+ Be7 21. Bg5 Rhe8 22. d5 1-0

[Event "LSS No Engine Cup 69 Preliminary 1"]
[Site "LSS email"]
[Date "2012.07.19"]
[Round "?"]
[White "Schwarz, Ingo"]
[Black "Bouguern, Abd El Halim"]
[Result "0-1"]
[WhiteElo "1430"]
[BlackElo "1429"]
[PlyCount "50"]
[EventDate "2012.07.20"]
[EventType "tourn (corr)"]
[EventRounds "6"]
[EventCountry "GER"]
[SourceTitle "Telechess CBM 165"]
[Source "ChessBase"]
[SourceDate "2015.03.11"]
[SourceVersion "1"]
[SourceVersionDate "2015.03.11"]
[SourceQuality "1"]

1. e4 c5 2. Nc3 Nc6 3. f4 g5 4. fxg5 h6 5. gxh6 Bxh6 6. d3 Nd4 7. Bxh6 Rxh6 8. Nf3 d6 9. Be2 e5 10. Nd5 Be6 11. Ne3 Qb6 12. b3 0-0-0 13. c3 Nb5 14. Qd2 Kb8 15. Nd5 Bxd5 16. exd5 f5 17. c4 Nd4 18. Nxd4 cxd4 19. b4 Qc7 20. Qg5 Rf8 21. 0-0 Qh7 22. h3 Ne7 23. Rf3 f4 24. Qg4 Nf5 25. h4 Rg8 0-1

[Event "LSS No Engine Cup 67 Preliminary 7"]
[Site "LSS email"]
[Date "2012.06.11"]
[Round "?"]
[White "Goepfert, Christian"]
[Black "Schwarz, Ingo"]
[Result "0-1"]
[WhiteElo "687"]
[BlackElo "1430"]
[PlyCount "44"]
[EventDate "2012.06.12"]
[EventType "tourn (corr)"]
[EventRounds "6"]
[EventCountry "GER"]
[SourceTitle "Telechess CBM 165"]
[Source "ChessBase"]
[SourceDate "2015.03.11"]
[SourceVersion "1"]
[SourceVersionDate "2015.03.11"]
[SourceQuality "1"]

1. e4 d5 2. exd5 Qxd5 3. Nc3 Qa5 4. d4 Nf6 5. Nf3 Bf5 6. Bc4 e6 7. Bd2 Bb4 8. a3 Bxc3 9. Bxc3 Qb6 10. Qe2 0-0 11. 0-0-0 Nd5 12. Bxd5 exd5 13. Ne5 Nd7 14. g4 Nxe5 15. dxe5 Be6 16. Rhg1 c5 17. f4 d4 18. Bd2 Rad8 19. f5 Bd5 20. Bg5 Rd7 21. Rge1 Qc6 22. f6 Bf3 0-1

[Event "LSS No Engine Cup 67 Preliminary 7"]
[Site "LSS email"]
[Date "2012.06.11"]
[Round "?"]
[White "Jaszczowski, Zdzislaw"]
[Black "Schwarz, Ingo"]
[Result "0-1"]
[WhiteElo "876"]
[BlackElo "1430"]
[PlyCount "68"]
[EventDate "2012.06.12"]
[EventType "tourn (corr)"]
[EventRounds "6"]
[EventCountry "GER"]
[SourceTitle "Telechess CBM 165"]
[Source "ChessBase"]
[SourceDate "2015.03.11"]
[SourceVersion "1"]
[SourceVersionDate "2015.03.11"]
[SourceQuality "1"]

1. d4 d5 2. Nf3 Nc6 3. Nc3 Bf5 4. Bg5 h6 5. Bh4 Qd7 6. e3 0-0-0 7. Bb5 f6 8. 0-0 g5 9. Bg3 h5 10. h3 h4 11. Bh2 Nh6 12. a3 Nf7 13. Na4 Nd6 14. Nc5 Qe8 15. c4 Nxc4 16. b3 Nd6 17. Bxd6 exd6 18. Na4 a6 19. Be2 Qg6 20. Nh2 Bc2 21. Qd2 Bxb3 22. Nc3 Bc4 23. Rfe1 Bxe2 24. Rxe2 Ne7 25. e4 dxe4 26. Nxe4 Nd5 27. Nc3 Nxc3 28. Qxc3 d5 29. Rc1 Bd6 30. Ng4 Rde8 31. Rxe8+ Rxe8 32. Qb3 Qe4 33. Nxf6 Qe1+ 34. Rxe1 Rxe1# 0-1

[Event "OP-2012-0-02226"]
[Site "LSS email"]
[Date "2012.06.02"]
[Round "?"]
[White "Schwarz, Ingo"]
[Black "Jostov, Keylah"]
[Result "1-0"]
[WhiteElo "1377"]
[BlackElo "1140"]
[PlyCount "113"]
[EventDate "2012.05.30"]
[EventType "tourn (corr)"]
[EventRounds "4"]
[EventCountry "GER"]
[SourceTitle "Telechess CBM 165"]
[Source "ChessBase"]
[SourceDate "2015.03.11"]
[SourceVersion "1"]
[SourceVersionDate "2015.03.11"]
[SourceQuality "1"]

1. e4 c5 2. Bc4 e6 3. Nc3 Nc6 4. f4 Nge7 5. d3 d5 6. exd5 Nxd5 7. Nf3 Nxc3 8. bxc3 Be7 9. 0-0 0-0 10. Be3 b6 11. d4 cxd4 12. cxd4 Bb7 13. c3 Rc8 14. Bd3 Na5 15. Rc1 Bd5 16. Ng5 h6 17. Qh5 f5 18. Nf3 Bxf3 19. Rxf3 Qe8 20. Qh3 Nc4 21. Bxc4 Rxc4 22. Bd2 Qc6 23. Re1 Qd5 24. Re5 Qc6 25. Rfe3 Rf6 26. Qh5 Ra4 27. Qe2 Rxa2 28. Rxe6 Rxd2 29. Rxc6 Rxe2 30. Rc8+ Bf8 31. Rxe2 Kh7 32. h4 Bd6 33. g3 Rg6 34. Kf2 Rf6 35. h5 g6 36. hxg6+ Kxg6 37. Kf3 Bf8 38. d5 Bc5 39. Rc6 a5 40. Rxf6+ Kxf6 41. Re6+ Kg7 42. d6 Kf7 43. d7 Be7 44. Rxb6 Bd8 45. Rxh6 Ke7 46. Rh7+ Kd6 47. Ke3 Be7 48. Kd4 Kxd7 49. Ke5 Kd8 50. Ke6 Bc5 51. Kxf5 a4 52. Ke6 a3 53. Kd5 Be7 54. Kc6 Bf6 55. Ra7 Bxc3 56. Rxa3 Bf6 57. Ra7 1-0

[Event "OP-2012-0-02226"]
[Site "LSS email"]
[Date "2012.06.02"]
[Round "?"]
[White "Schwarz, Ingo"]
[Black "Mori, Roberto"]
[Result "1-0"]
[WhiteElo "1377"]
[BlackElo "620"]
[PlyCount "105"]
[EventDate "2012.05.30"]
[EventType "tourn (corr)"]
[EventRounds "4"]
[EventCountry "GER"]
[SourceTitle "Telechess CBM 165"]
[Source "ChessBase"]
[SourceDate "2015.03.11"]
[SourceVersion "1"]
[SourceVersionDate "2015.03.11"]
[SourceQuality "1"]

1. e4 e5 2. Bc4 Nf6 3. d4 Qe7 4. dxe5 Qxe5 5. f3 Bb4+ 6. c3 Ba5 7. Ne2 0-0 8. Be3 d6 9. Bd4 Qe7 10. 0-0 Nc6 11. Bf2 h6 12. Nd2 Be6 13. Bxe6 Qxe6 14. Nf4 Qd7 15. Nc4 Rfd8 16. Nxa5 Nxa5 17. Bd4 Nc4 18. Bxf6 gxf6 19. Nd5 Kg7 20. Qd4 Ne5 21. Nxf6 Kxf6 22. f4 Ke7 23. fxe5 c5 24. exd6+ Qxd6 25. Qg7 Rf8 26. Rad1 Qe6 27. Qg3 Rg8 28. Qc7+ Kf8 29. Qxc5+ Kg7 30. Rd6 Qe7 31. Qd4+ Kf8 32. Rd7 Qe6 33. Rfxf7+ Ke8 34. Rde7+ Qxe7 35. Rxe7+ Kxe7 36. Qb4+ Kd7 37. Qxb7+ Ke6 38. Qd5+ Ke7 39. e5 Rad8 40. Qf3 Rgf8 41. Qe2 Rd7 42. h3 Ke6 43. Qa6+ Kxe5 44. Qxh6 Rdf7 45. Qe3+ Kf5 46. c4 Kg6 47. b4 Kg7 48. b5 Kg6 49. a4 Rf4 50. a5 R8f5 51. a6 Kg5 52. c5 Kh4 53. g3+ 1-0